आविष्कारों का विचित्र संसार / (Record no. 67677)

MARC details
000 -LEADER
fixed length control field 01125 aa a2200217 4500
005 - DATE AND TIME OF LATEST TRANSACTION
control field 20120608105540.0
008 - FIXED-LENGTH DATA ELEMENTS--GENERAL INFORMATION
fixed length control field 090513t xxu||||| |||| 00| 0 hin d
010 ## - LCCN (DPL NO)
LC control number
020 ## - INTERNATIONAL STANDARD BOOK NUMBER
International Standard Book Number
Terms of availability 75.00
035 ## - SYSTEM CONTROL NUMBER
System control number B-101397
037 ## - SOURCE OF ACQUISITION
Source of stock number/acquisition
040 ## - CATALOGING SOURCE
Original cataloging agency dpl
Language of cataloging HIN
082 ## - DEWEY DECIMAL CLASSIFICATION NUMBER
Classification number 609
100 ## - MAIN ENTRY--PERSONAL NAME
Personal name श्रीवास्तव, विद्या
9 (RLIN) 48683
245 ## - TITLE STATEMENT
Title आविष्कारों का विचित्र संसार /
Statement of responsibility, etc विद्या श्रीवास्तव
260 ## - PUBLICATION, DISTRIBUTION, ETC. (IMPRINT)
Place of publication, distribution, etc गाजियाबाद
Name of publisher, distributor, etc विज्ञान शिक्षा संस्थान
Date of publication, distribution, etc 2004
300 ## - PHYSICAL DESCRIPTION
Extent 48पृ
Dimensions 22 सेमी (सजिल्द)
Other physical details सचित्र
942 ## - ADDED ENTRY ELEMENTS (KOHA)
Institution code [OBSOLETE] dpl
Item type Hindi Books
Call number prefix / मल्होत्रा
Source of classification or shelving scheme Dewey Decimal Classification
Classification part 609
Call number suffix श्रीवास्त
Holdings
Withdrawn status Lost status Source of classification or shelving scheme Damaged status Not for loan Collection code Home library Current library Date acquired Cost, normal purchase price Total Checkouts Full call number Barcode Date last seen Cost, replacement price Koha item type
    Dewey Decimal Classification     Non-fiction Sarojini Nagar Sarojini Nagar 08/06/2012 75.00   609 श्रीवास्त B-101397 08/06/2012 75.00 Hindi Books

© Delhi Public Library
Hit Counter
free hit counter